000 00274nam a2200121Ia 4500
008 190216s9999||||xx |||||||||||||| ||und||
100 _aSaxena H C
245 0 _aProblems In Statistics
260 _bNaduatul Ulama
_c1967
300 _a287p
650 _aCommerce
942 _cBK
999 _c4468
_d4468